| 000 | 00480nam a2200193Ia 4500 | ||
|---|---|---|---|
| 003 | OSt | ||
| 005 | 20240821104403.0 | ||
| 008 | 210210b1965 xxu||||| |||| 00| 0 eng d | ||
| 040 | _cAL | ||
| 041 | _aHindi | ||
| 082 | _aH891.9 BHAS | ||
| 100 |
_aभारत सरकार _9177614 |
||
| 245 |
_aBhasha. Sep 1965. _bभाषा |
||
| 260 |
_aBharat _bShiksha Mantralay _c1965 |
||
| 300 | _a200 | ||
| 690 |
_aHindi Criticism _9177615 |
||
| 906 | _a029855 | ||
| 942 |
_2ddc _cBK |
||
| 999 |
_c81054 _d81054 |
||